MARC

LEADER 00000cam a22000004a 4500
001 musev2_5244
003 MdBmJHUP
005 20230905040628.0
006 m o d
007 cr||||||||nn|n
008 070117s2007 nyu o 00 0 eng d
010 |z  2007002074 
020 |a 9780791479384 
020 |z 9780791472231 
035 |a (OCoLC)181102812 
040 |a MdBmJHUP  |c MdBmJHUP 
043 |a n-us---  |a e-uk--- 
050 0 4 |a E661  |b .C2833 2007 
082 0 |a 973.5  |2 22 
100 1 |a Eisenstadt, Abraham Seldin,  |d 1920- 
245 1 0 |a Carnegie's Model Republic :   |b Triumphant Democracy and the British-American Relationship /   |c A.S. Eisenstadt. 
264 1 |a Albany :  |b State University of New York Press,  |c 2007. 
264 3 |a Baltimore, Md. :  |b Project MUSE,   |c 2012 
264 4 |c ©2007. 
300 |a 1 online resource (220 pages). 
336 |a text  |b txt  |2 rdacontent 
337 |a computer  |b c  |2 rdamedia 
338 |a online resource  |b cr  |2 rdacarrier 
504 |a Includes bibliographical references (p. 179-197) and index. 
588 |a Description based on print version record. 
600 1 0 |a Carnegie, Andrew,  |d 1835-1919  |x Influence. 
600 1 0 |a Carnegie, Andrew,  |d 1835-1919.  |t Triumphant democracy. 
651 0 |a Great Britain  |x Civilization. 
651 0 |a Great Britain  |x Relations  |z United States. 
651 0 |a United States  |x Relations  |z Great Britain. 
651 0 |a United States  |x Social life and customs  |y 1865-1918. 
651 0 |a United States  |x Economic conditions  |y 1865-1918. 
651 0 |a United States  |x Politics and government  |y 1865-1900. 
650 0 |a National characteristics, British. 
650 0 |a National characteristics, American. 
655 7 |a Electronic books.   |2 local 
710 2 |a Project Muse.  |e distributor 
830 0 |a Book collections on Project MUSE. 
856 4 0 |z Texto completo  |u https://projectmuse.uam.elogim.com/book/5244/ 
945 |a Project MUSE - Custom Collection 
945 |a Project MUSE - Archive Complete Foundation 
945 |a Project MUSE - Archive History Foundation